000 00343nam a22001217a 4500
008 180606b xxu||||| |||| 00| 0 eng d
041 _aeng
080 _a043.3
100 _a0
101 _aSHKI-BTH
245 _aFusha-valët elektromagnetike të telefonisë celulare dhe ndikimi i tyre në shëndet dhe ambient
_cRexhepi,A
942 _2udc
_cBK
999 _c46482
_d46482